|
|
|
|
| LEADER |
00955nam a2200241 a 4500 |
| 008 |
100125s1979 enkaf b 001 0 eng d |
| 020 |
|
|
|a 0709900554
|
| 040 |
|
|
|a UMK
|c UMK
|d m.c.
|d MFS
|d DB-DhAAL
|
| 082 |
0 |
0 |
|a 301.44
|
| 100 |
1 |
|
|a Smith, David Marshall,
|d 1936-
|
| 245 |
1 |
0 |
|a Where the grass is greener :
|b geographical perspectives on inequality /
|c David M. Smith.
|
| 260 |
|
|
|a London :
|b Croom Helm,
|c c1979.
|
| 300 |
|
|
|a 386 p., [4] leaves of plates :
|b ill. ;
|c 23 cm.
|
| 504 |
|
|
|a Includes bibliography: (p. 369-380) and index.
|
| 541 |
1 |
|
|e 00001515
|
| 650 |
|
0 |
|a Economic geography.
|
| 650 |
|
0 |
|a Income distribution.
|
| 650 |
|
0 |
|a Equality.
|
| 650 |
|
0 |
|a Human geography
|
| 650 |
|
0 |
|a Economic history
|y 20th century.
|
| 852 |
4 |
|
|a Ayesha Abed Library
|j General Shelf.
|
| 999 |
|
|
|c 7169
|d 7169
|
| 952 |
|
|
|0 0
|1 0
|2 ddc
|4 0
|6 301_440000000000000_SMI_1979
|7 0
|9 7456
|a BRACUL
|b BRACUL
|c GEN
|d 2010-01-25
|g 2092.50
|l 0
|o 301.44 SMI
|p 3010001515
|r 2010-01-25
|t 1
|w 2010-01-25
|y BK
|